Collected stories / (Record no. 136592)

MARC details
000 -LEADER
fixed length control field 00501nam a2200193 4500
010 ## - LIBRARY OF CONGRESS CONTROL NUMBER
LC control number B-215487
035 ## - SYSTEM CONTROL NUMBER
System control number B-215487
037 ## - SOURCE OF ACQUISITION
Source of stock number/acquisition Cen Lib / Ret
040 ## - CATALOGING SOURCE
Original cataloging agency DPL
Language of cataloging EN
082 ## - DEWEY DECIMAL CLASSIFICATION NUMBER
Classification number N
Item number DES
100 ## - MAIN ENTRY--PERSONAL NAME
Personal name Deshpande, Shashi
245 ## - TITLE STATEMENT
Title Collected stories /
Statement of responsibility, etc by Shashi Deshpande
260 ## - PUBLICATION, DISTRIBUTION, ETC. (IMPRINT)
Place of publication, distribution, etc London
Name of publisher, distributor, etc Penguin Book
Date of publication, distribution, etc 2004
270 ## - ADDRESS
Address Penguin Book
City London
300 ## - PHYSICAL DESCRIPTION
Extent (v 2. ix, 245p )
Other physical details 24cm(Hb)
650 ## - SUBJECT ADDED ENTRY--TOPICAL TERM
Topical term or geographic name as entry element English stories
650 ## - SUBJECT ADDED ENTRY--TOPICAL TERM
Topical term or geographic name as entry element English literature
942 ## - ADDED ENTRY ELEMENTS (KOHA)
Source of classification or shelving scheme Dewey Decimal Classification
Koha item type English Books
Classification part N
Call number suffix DES
Holdings
Withdrawn status Lost status Source of classification or shelving scheme Materials specified (bound volume or other part) Damaged status Not for loan Home library Current library Date acquired Source of acquisition Total Checkouts Full call number Barcode Date last seen Copy number Price effective from Koha item type Cost, normal purchase price Total Renewals Date checked out Cost, replacement price
    Dewey Decimal Classification v 2     Central Library Central Library 05/03/2016 Cen Lib/Ret   N DES B-215487 05/03/2016 1 05/03/2016 English Books        
    Dewey Decimal Classification       Patel Nagar Patel Nagar 08/04/2019 BPPD/PUB 2 N DES B-215491 20/08/2022   08/04/2019 English Books 250.00 2 01/08/2022 250.00

© Delhi Public Library
Hit Counter
free hit counter